Oceanian Countries - Statistics

General Stats
  • This quiz has been taken 80 times
  • The average score is 12 of 14
Answer Stats
Population Answer % Correct
23 m Australia
96%
4 m New Zealand
95%
862 k Fiji
93%
101 k Micronesia
91%
7 m Papua New Guinea
89%
104 k Tonga
89%
56 k Marshall Islands
88%
190 k Samoa
86%
561 k Solomon Islands
86%
11 k Tuvalu
84%
265 k Vanuatu
84%
106 k Kiribati
82%
10 k Nauru
82%
21 k Palau
82%
No matching quizzes found
Score Distribution
Percent of People with Each Score
Percentile by Number Answered
Your Score History
You have not taken this quiz